header

Love and logic magic for early childhood : practical parenting from birth to six years / (Record no. 254272)

MARC details
000 -LEADER
fixed length control field 00584nam a22001937a 4500
003 - CONTROL NUMBER IDENTIFIER
control field OSt
005 - DATE AND TIME OF LATEST TRANSACTION
control field 20160531103807.0
008 - FIXED-LENGTH DATA ELEMENTS--GENERAL INFORMATION
fixed length control field 160531b xxu||||| |||| 00| 0 eng d
010 ## - LIBRARY OF CONGRESS CONTROL NUMBER
LC control number 00101452
020 ## - INTERNATIONAL STANDARD BOOK NUMBER
International Standard Book Number 1930429002
040 ## - CATALOGING SOURCE
Transcribing agency n/a
050 ## - LIBRARY OF CONGRESS CALL NUMBER
Classification number HQ769
Item number .F2822 2000
100 ## - MAIN ENTRY--PERSONAL NAME
Personal name Fay, Jim
245 ## - TITLE STATEMENT
Title Love and logic magic for early childhood : practical parenting from birth to six years /
Statement of responsibility, etc Jim Fay & Charles Fay.
250 ## - EDITION STATEMENT
Edition statement 1st ed.
260 ## - PUBLICATION, DISTRIBUTION, ETC. (IMPRINT)
Place of publication, distribution, etc Golden, Colo.
Name of publisher, distributor, etc Love and Logic Press,
Date of publication, distribution, etc 2000.
300 ## - PHYSICAL DESCRIPTION
Extent xiii, 175 p. :
Other physical details ill.
Dimensions 23 cm.
942 ## - ADDED ENTRY ELEMENTS (KOHA)
Source of classification or shelving scheme Library of Congress Classification
Koha item type Long Loan Books
Holdings
Withdrawn status Lost status Source of classification or shelving scheme Damaged status Not for loan Collection code Home library Current library Shelving location Date acquired Total Checkouts Full call number Barcode Date last seen Price effective from Koha item type
    Library of Congress Classification     Non-fiction Rongo University Library Rongo University Library General Stacks 31/05/2016   HQ769 .F2822 2000 201612774 31/05/2016 31/05/2016 Long Loan Books

© 2026 Rongo University
Contact us: librarian | system librarian | Rongo university